<?xml version="1.0" encoding="UTF-8"?>
<record
    xmlns:xsi="http://www.w3.org/2001/XMLSchema-instance"
    xsi:schemaLocation="http://www.loc.gov/MARC21/slim http://www.loc.gov/standards/marcxml/schema/MARC21slim.xsd"
    xmlns="http://www.loc.gov/MARC21/slim">

  <leader>01903cam a2200265 a 4500</leader>
  <datafield tag="999" ind1=" " ind2=" ">
    <subfield code="c">646</subfield>
    <subfield code="d">646</subfield>
  </datafield>
  <controlfield tag="008">040629s2004    enka         i000 0 eng d</controlfield>
  <datafield tag="020" ind1=" " ind2=" ">
    <subfield code="a">9280100327</subfield>
  </datafield>
  <datafield tag="041" ind1="0" ind2=" ">
    <subfield code="a">eng</subfield>
    <subfield code="a">spa</subfield>
  </datafield>
  <datafield tag="082" ind1="0" ind2="0">
    <subfield code="a">344.046332</subfield>
    <subfield code="b">I339</subfield>
  </datafield>
  <datafield tag="110" ind1=" " ind2=" ">
    <subfield code="9">76</subfield>
    <subfield code="a">International Maritime Organization</subfield>
  </datafield>
  <datafield tag="130" ind1="0" ind2=" ">
    <subfield code="a">International Convention on Civil Liability for Bunker Oil Pollution Damage</subfield>
    <subfield code="d">(2001)</subfield>
  </datafield>
  <datafield tag="245" ind1="1" ind2="0">
    <subfield code="a">International Convention on Civil Liability for Bunker Oil Pollution Damage, 2001 =</subfield>
    <subfield code="b">Convention internationale de 2001 sur la responsabilit&#xE9; civile pour les dommages dus &#xE0; la pollution par les hydrocarbures de soute = Convenio internacional sobre responsabilidad civil nacida de da&#xF1;os debidos a contaminaci&#xF3;n por los hidrocarburos para combustible de los buques, 2001.</subfield>
  </datafield>
  <datafield tag="246" ind1="1" ind2="1">
    <subfield code="a">Convention internationale de 2001 sur la responsabilit&#xE9; civile pour les dommages dus &#xE0; la pollution par les hydrocarbures de soute</subfield>
  </datafield>
  <datafield tag="246" ind1="1" ind2="1">
    <subfield code="a">Convenio internacional sobre responsabilidad civil nacida de da&#xF1;os debidos a contaminaci&#xF3;n por los hidrocarburos para combustible de los buques, 2001</subfield>
  </datafield>
  <datafield tag="246" ind1="3" ind2="0">
    <subfield code="a">Civil liability for bunker oil pollution damage, 2001</subfield>
  </datafield>
  <datafield tag="260" ind1=" " ind2=" ">
    <subfield code="a">London :</subfield>
    <subfield code="b">International Maritime Organization,</subfield>
    <subfield code="c">2004.</subfield>
  </datafield>
  <datafield tag="300" ind1=" " ind2=" ">
    <subfield code="a">ix, 70 p. :</subfield>
    <subfield code="b">ill. ;</subfield>
    <subfield code="c">24 cm.</subfield>
  </datafield>
  <datafield tag="500" ind1=" " ind2=" ">
    <subfield code="a">"This publication contains the text of the Final Act of the International Conference on Liability and Compensation for Bunker Oil Pollution Damage, 2001 ... 9 to 23 March 2001 ... The purpose of the Convention is to ensure the payment of adequate, prompt and effective compensation to victims of pollution caused by the escape or discharge of bunker oil from ships."--p. iii.</subfield>
  </datafield>
  <datafield tag="500" ind1=" " ind2=" ">
    <subfield code="a">"Sales number: 1490M."</subfield>
  </datafield>
  <datafield tag="650" ind1=" " ind2="0">
    <subfield code="a">Liability for oil pollution damages.</subfield>
  </datafield>
  <datafield tag="650" ind1=" " ind2="0">
    <subfield code="a">Oil spills</subfield>
    <subfield code="x">Law and legislation.</subfield>
  </datafield>
  <datafield tag="650" ind1=" " ind2="0">
    <subfield code="a">Oil pollution of the sea</subfield>
    <subfield code="x">Law and legislation.</subfield>
  </datafield>
  <datafield tag="710" ind1="2" ind2=" ">
    <subfield code="a">International Maritime Organization.</subfield>
  </datafield>
  <datafield tag="942" ind1=" " ind2=" ">
    <subfield code="c">BK</subfield>
  </datafield>
  <datafield tag="952" ind1=" " ind2=" ">
    <subfield code="0">0</subfield>
    <subfield code="1">0</subfield>
    <subfield code="2">ddc</subfield>
    <subfield code="4">0</subfield>
    <subfield code="6">344_046332000000000_I339</subfield>
    <subfield code="7">0</subfield>
    <subfield code="9">2715</subfield>
    <subfield code="a">CL</subfield>
    <subfield code="b">CL</subfield>
    <subfield code="d">2019-11-08</subfield>
    <subfield code="o">344.046332 I339</subfield>
    <subfield code="p">11630</subfield>
    <subfield code="r">2019-11-08</subfield>
    <subfield code="y">BK</subfield>
  </datafield>
  <datafield tag="952" ind1=" " ind2=" ">
    <subfield code="0">0</subfield>
    <subfield code="1">0</subfield>
    <subfield code="2">ddc</subfield>
    <subfield code="4">0</subfield>
    <subfield code="7">0</subfield>
    <subfield code="9">13525</subfield>
    <subfield code="a">CL</subfield>
    <subfield code="b">CL</subfield>
    <subfield code="d">2020-09-02</subfield>
    <subfield code="e">15</subfield>
    <subfield code="g">487.56</subfield>
    <subfield code="r">2020-09-02</subfield>
    <subfield code="v">487.56</subfield>
    <subfield code="y">BK</subfield>
  </datafield>
</record>
